Catàleg del Col·legi de Periodistes de Catalunya

Historia de El Debate : (Registre núm. 8020)

000 -CABECERA
Campo de control de longitud fija 00734nam a22001937a 4500
008 - CAMPO FIJO DE DESCRIPCIÓN FIJA--INFORMACIÓN GENERAL
Campo de control de longitud fija 250404b ||||| |||| 00| 0 eng d
020 ## - ISBN (INTERNATIONAL STANDARD BOOK NUMBER)
ISBN 978-84-10524-31-6
040 ## - FUENTE DE CATALOGACIÓN
Agencia que realiza la transcripción cdmr
100 ## - ENCABEZAMIENTO PRINCIPAL--NOMBRE PERSONAL
9 (RLIN) 5000
Nombre de persona Cáceres Sevilla, Adela de
245 ## - MENCIÓN DE TÍTULO
Título Historia de El Debate :
Parte restante del título origen y primera etapa de un gran periódico : desde 1911 hasta su clausura en 1936 /
Mención de responsabilidad, etc. Cáceres, Adela de; prólogo de Bieito Rubido
250 ## - MENCIÓN DE EDICIÓN
Mención de edición Primera edición
260 ## - PUBLICACIÓN, DISTRIBUCIÓN, ETC (PIE DE IMPRENTA)
Lugar de publicación, distribución, etc. Córdoba:
Nombre del editor, distribuidor, etc. Almuzara Universidad,
Fecha de publicación, distribución, etc. 2024
300 ## - DESCRIPCIÓN FÍSICA
Extensión 683 p.
490 ## - MENCIÓN DE SERIE
Mención de serie Historia de las dinámicas sociales, culturales y políticas
650 #0 - ASIENTO SECUNDARIO DE MATERIA--TÉRMINO DE MATERIA
9 (RLIN) 3100
Nombre de materia o nombre geográfico como elemento de entrada Premsa catòlica
Subdivisión cronológica s. XX
Subdivisión geográfica Espanya
650 #0 - ASIENTO SECUNDARIO DE MATERIA--TÉRMINO DE MATERIA
9 (RLIN) 3729
Nombre de materia o nombre geográfico como elemento de entrada Premsa
Subdivisión general Història
Subdivisión geográfica Espanya
653 ## - TÉRMINO DE INDEXACIÓN--NO CONTROLADO
Término de indización no controlado Debate (diari)
942 ## - ELEMENTOS KOHA
Fuente de clasificación o esquema de ordenación en estanterías
Koha tipo de item Monografies
Fons
Suprimido Perdido Fuente de clasificación o esquema de ordenación en estanterías Estropeado No se presta Localización (Biblioteca) Sublocalización o Colección (subbiblioteca) Fecha de adquisición Fuente de adquisición Coste, precio normal de compra Koha préstamos (veces que ha sido prestado) Koha signatura completa Designación de pieza (código de barras) Koha Fecha de último uso Precio Koha tipo de item
          Centre de Documentació Montserrat Roig Centre de Documentació Montserrat Roig 2025-04-04 Donació 39.00   Dt13/68 CDMR25040003 2025-04-04 2025-04-04 Monografies

Implantat amb Koha